000 00356pab a2200145 454500
008 180718b1983 xxu||||| |||| 00| 0 eng d
245 _aReport on "Functioning of industrial licensing system released, outline
260 _c1983
300 _a1:6
362 _a29 Jan.
650 _aI.I.P.A.
773 _aEconomic Times
908 _aN
909 _a10442
999 _c10442
_d10442